|
|
|
|
| LEADER |
00000cam a2200000 7i4500 |
| 001 |
0000072113 |
| 005 |
20110607093000.0 |
| 008 |
110411s2008 ctu eng |
| 020 |
|
|
|a 0313087431 (electronic bk.)
|
| 020 |
|
|
|a 9780313087431 (electronic bk.)
|
| 020 |
|
|
|a 9780313339981
|
| 050 |
0 |
0 |
|a QH541.5.R27
|b H65 2008
|
| 090 |
0 |
0 |
|a QH541.5.R27
|b H65 2008
|
| 100 |
1 |
|
|a Holzman, Barbara A. ,
|e author
|
| 245 |
1 |
0 |
|a Tropical forest biomes [
|h electronic resource]
|c Barbara A. Holzman
|
| 260 |
|
|
|a Westport, Connecticut :
|b Greenwood Press ,
|c c2008
|
| 300 |
|
|
|a 1 online resource (xiii, 242 p.) :
|b ill. (some col.), maps
|
| 490 |
1 |
|
|a Greenwood guides to biomes of the world
|
| 500 |
|
|
|a "Greenwood Publishing Group"--Cover
|
| 500 |
|
|
|a Description based on print version record
|
| 504 |
|
|
|a Includes bibliographical references (p 225-234) and index
|
| 505 |
0 |
|
|a Chapter 1. Introduction to Tropical Forest Biomes -- Chapter 2. The Tropical Broadleaf Evergreen Forest Biome -- Chapter 3. Regional Expressions of the Tropical Rainforest Biome -- Chapter 4. The Tropical Seasonal Forest Biome -- Chapter 5. Regional Expressions of Tropical Seasonal Forests -- Chapter 6. Conclusion; Glossary; Bibliography; Index;
|
| 520 |
|
|
|a Provides an overview of the animals, plants, and climate of the tropical forest biomes
|
| 650 |
|
0 |
|a Rain forest ecology
|
| 650 |
|
0 |
|a Rain forests
|
| 650 |
|
4 |
|a Natural history
|
| 650 |
|
4 |
|a Science
|
| 856 |
4 |
0 |
|3 NetLibrary
|u http://www.netlibrary.com/urlapi.asp?action=summary&v=1&bookid=275028
|
| 999 |
|
|
|a 1000138965
|b Electronic Resource
|c OPEN SHELF (30 DAYS)
|e Gong Badak Campus
|